| 000 | 01866 a2200205 4500 | ||
|---|---|---|---|
| 001 | 23852 | ||
| 005 | 20260407155524.0 | ||
| 008 | 260407a1950 arg spa d | ||
| 003 | AR-UNSa-BCEJYS | ||
| 040 |
_aAR-UNSa-BCEJYS _bspa _cAR-UNSa-BCEJYS |
||
| 080 |
_a51-7 _xEstudios y métodos matemáticos en otros campos del conocimiento. Matemáticas científicas. Matemáticas actuariales (Matemáticas Financieras) |
||
| 245 | 1 | 0 | _aCurso de Matemática financiera y actuarial |
| 264 | 1 |
_aMadrid : _bAguilar _c1950 |
|
| 300 |
_a484 p. _c21 cm. |
||
| 505 | _aParte I: De la Supervivencia: 1. Líneas de una teoría de la supervivencia - 2. La supervivencia en grupos demográficos privados - 3. La supervivencia en grupos abiertos y en grupos especiales - 4. El ajuste de las tablas de supervivencia -- Parte II: De las operaciones financieras simples: 1. Valores finales y valores actuales - 2. Operaciones a breve vencimiento - 3. De las operaciones a largo vencimiento - 4. Operaciones de grupo a prima única - 5. Tablas financieras y actuariales y cálculos con ellas -- Parte III: Operaciones financieras complejas: 1. De la reserva en general - 2. De la amortización en general - 3. La renta según términos particulares - 4. La renta según sistemas particulares de capitalización - 5. La renta en la capitalización compuesta a tanto constante - 6. La renta vitalicia según hipótesis demográficas especiales - 7. De la amortización con arreglos a términos generales - 8. Empréstitos - 9. De la amortización en el seguro -- Parte IV: Reservas matemáticas, balance técnico, riesgo y seguros sociales: 1. Sobre las reservas matemáticas - 2. Sobre el balance técnico - 3. Del riesgo - 4. Sobre los seguros sociales | ||
| 942 | _cBK | ||
| 590 | _aniveau_biblio:m niveau_hierar:0 | ||
| 100 | 1 | _aInsolera, Filadelfo | |
| 700 | 1 | _aMartinez Velasco, Luis | |
| 999 |
_c1137 _d1137 |
||